Industrial development for the 21st century (Record no. 415280)

000 -LEADER
fixed length control field 00561cam a22001697a 4500
008 - FIXED-LENGTH DATA ELEMENTS--GENERAL INFORMATION
fixed length control field 180718b2008 xxu||||| |||| 00| 0 eng d
020 ## - INTERNATIONAL STANDARD BOOK NUMBER
International Standard Book Number 81 250 3398 X
082 ## - DEWEY DECIMAL CLASSIFICATION NUMBER
Classification number T2 C762i
245 ## - TITLE STATEMENT
Title Industrial development for the 21st century
Statement of responsibility, etc. edited by David O'Connor and Monica Kjollerstrom
260 ## - PUBLICATION, DISTRIBUTION, ETC.
Place of publication, distribution, etc. Hyderabad
Name of publisher, distributor, etc. Orient Longman
Date of publication, distribution, etc. 2008
300 ## - PHYSICAL DESCRIPTION
Extent 430p.
650 ## - SUBJECT ADDED ENTRY--TOPICAL TERM
Topical term or geographic name entry element Developing countries --Economic conditions --21st century
650 ## - SUBJECT ADDED ENTRY--TOPICAL TERM
Topical term or geographic name entry element Sustainable development
650 ## - SUBJECT ADDED ENTRY--TOPICAL TERM
Topical term or geographic name entry element Industrialization
700 ## - ADDED ENTRY--PERSONAL NAME
Personal name Kjollerstrom, Monica
700 ## - ADDED ENTRY--PERSONAL NAME
Personal name O'Connor, David
Holdings
Withdrawn status Lost status Damaged status Not for loan Permanent Location Current Location Date acquired Full call number Barcode Date last seen Price effective from Koha item type
        Indian Institute of Public Administration Indian Institute of Public Administration 2009-03-18 T2 C762i 83116 2018-07-21 2018-07-21 Book

Powered by Koha